Избыточный продукт при социализме: Теория и методология.

Podrobná bibliografie
Hlavní autor: Коротюк Б. Н. Борис Николаевич
Korporativní autor: Ростовский государственный университет
Další autoři: Золотарев В. С. (редактор)
Shrnutí:Исключено из фонда НТБ ТПУ
Jazyk:ruština
Vydáno: Ростов-на-Дону, Изд-во Ростовского ун-та, 1989
Médium: MixedMaterials Kniha
KOHA link:https://koha.lib.tpu.ru/cgi-bin/koha/opac-detail.pl?biblionumber=251710

MARC

LEADER 00000nam0a2200000 4500
001 251710
005 20231031213605.0
010 |a 5750701085 
035 |a (RuTPU)RU\TPU\book\274018 
090 |a 251710 
100 |a 20140224d1989 k y0rusy50 ca 
101 0 |a rus 
102 |a RU 
105 |a a z 001zy 
200 1 |a Избыточный продукт при социализме: Теория и методология.   |f Б. Н. Коротюк  |g Ростовский государственный университет ; под ред. В. С. Золотарева 
210 |a Ростов-на-Дону  |c Изд-во Ростовского ун-та  |d 1989 
215 |a 128 с.  |c ил. 
333 |a Исключено из фонда НТБ ТПУ 
700 1 |a Коротюк  |b Б. Н.  |g Борис Николаевич 
702 1 |a Золотарев  |b В. С.  |4 340 
712 0 2 |a Ростовский государственный университет 
801 1 |a RU  |b 63413507  |c 20140224 
801 2 |a RU  |b 63413507  |c 20220311  |g RCR 
942 |c BK